000 00401nam a2200169Ia 4500
001 17142
003 IN-NITTTR
005 20251114233202.0
008 251113s9999||||xx |||||||||||||| ||eng||
040 _beng
040 _cIN-NITTTR
041 _aeng
082 _a370.19072 D684
100 _aWalford, Geoffrey.
245 0 _aDoing sociology of education /
_cWalford, Geoffrey.
942 _2ddc
_cBK
999 _c19776
_d19776